00640nam a2200229Ia 4500001000700000003000500007008004100012010001100053040000900064082001600073100003000089245007300119260004900192300000500241440000500246500000500251503000500256650004400261650004300305650001500348650004700363Z_3300CHAP220113s1967 xx 000 0 und d a166409 cCHAP a636.0894 M3 aMartínez Báez, Manuel aManual de parasitología médica /cpor Manuel Martínez Báez aMéxico, D. F. :bEl Manual Moderno,c1967 a a a a aAnimales domésticos xxEnfermedades  aAnimales domésticos xxParásitos  aEpizootias aParasitología xxEstudio y enseñanza